000 00309nam a22001217a 4500
020 _a0471415510
082 _222
_a658.51422
100 _aThamhain, Hans J.
245 _aManagement of technology /
260 _aNew Delhi,
_bJohn Wiley and Sons,
_cc2005.
300 _axii, 381p. ;
_bill. ;
_c24 cm
942 _2ddc
_cMAG
999 _c33
_d33